| 000 | 01168nab a22002537a 4500 | ||
|---|---|---|---|
| 999 |
_c6503 _d6503 |
||
| 003 | OSt | ||
| 005 | 20260213122128.0 | ||
| 008 | 190429b xxu||||| |||| 00| 0 spa d | ||
| 040 | _cPJ | ||
| 100 |
_96979 _aBonhote, Laura V. |
||
| 245 | 1 | 0 |
_aUn nuevo standard de la Corte Suprema contra la revictimización institucional de niñas, niños y adolescentes / _cLaura V. Bonhote. |
| 260 |
_cCiudad Autónoma de Buenos Aires : _aThomson Reuters La Ley, _b2024. |
||
| 300 | _ap. 111-119 | ||
| 500 | _aCita: TR LALEY AR/DOC/2274/2023. | ||
| 505 | _aSumario: I. Introducción.— II. El nuevo precedente de la Corte Suprema "G.G.E.".— III. Conclusiones. | ||
| 505 | _tSi te interesa el texto completo, solicitalo a koha@justierradelfuego.gov.ar | ||
| 650 | 0 |
_9343 _aDERECHO PENAL |
|
| 650 | 0 |
_92903 _aABUSO SEXUAL |
|
| 650 | 0 |
_95741 _aSENTENCIA CONDENATORIA |
|
| 650 | 0 |
_92741 _aDERECHOS DE LAS NIÑAS, NIÑOS Y ADOLESCENTES |
|
| 650 | 0 |
_9822 _aCORTE SUPREMA DE JUSTICIA DE LA NACION |
|
| 773 | 0 |
_02658 _93164 _tRevista de derecho penal y criminología. Nº 7 - Junio 2024 _dCiudad Autónoma de Buenos Aires : Thomson Reuters La Ley, 2017- _x00347914 |
|
| 942 |
_2udc _cANA |
||